000 00989nam a2200313Ia 4500
003 OSt
005 20221006152400.0
006 a|||||r|||| 00| 0
007 ta
008 221006b |||||||| |||| 00| 0 eng d
020 _a9780520236455
_c
_55.00
024 _a26,951
037 _cTextual
040 _aEASL
_cEASL
_beng
041 _2eng
_aeng
082 _a<.42.49, P4
100 _aBARSHAY Andrew E
_9293280
245 0 _aSocial Sciences in Modern Japan
_b The marxian modernist traditions
260 _aBerkekey
_bUniversity of California Press
_c2004
300 _a331p
_ccm.
490 _v JEL
650 _a Democracy - Japan - History
_9660880
650 _a Intellectuals - Japan - History
_9660881
650 _a Political culture - Japan history
_9660882
650 _a Socialism - Japan - History
_9660883
650 _aSocial science - Japan - History
_9660884
942 _h<.42.49, P4
_cTEXL
_2CC
999 _c1095037
_d1095037